000 00551nam a22001337a 4500
040 _cRUA
082 _aAGR NHU 2011 B040 Or.1
100 _aNHUK KUSAL.
245 _aEffect of planing methods on growing of rubber tree, ឥទ្ធិពលនៃវិធីសាស្រ្តដាំដុះលើការលូតលាស់ដំណាំកៅស៊ូ
260 _aPhnom Penh
_bRUA
_c2011
300 _aviii, 52p.
_bill.
_c29cm.
856 _uhttps://drive.google.com/file/d/1NivOzrbL0GUYauPeUNUqbCtGPoj3svK2/view?usp=sharing
942 _cAGR
999 _c1318
_d1318